000 00708nam a2200241Ia 4500
003 OSt
005 20221006143757.0
006 a|||||r|||| 00| 0
007 ta
008 221006b |||||||| |||| 00| 0 eng d
020 _a0804717877
_c
_49.50
024 _a9,939
037 _cTextual
040 _aEASL
_cEASL
_beng
041 _2eng
_aeng
082 _aX8(J):275.41.N88, N0
100 _aHUANG Philip C C
_9137860
245 0 _aPeasant family and rural development in the Yangzi delta, 1350-1988
260 _aStanford
_bStanford University Press
_c1990
300 _a421p.
_ccm.
942 _hX8(J):275.41.N88, N0
_cTEXL
_2CC
999 _c1078025
_d1078025